| 000 | 01048cam a2200265 a 4500 | ||
|---|---|---|---|
| 001 | BD-DhSAU 5870 | ||
| 003 | BD-DhSAU | ||
| 005 | 20150429103948.0 | ||
| 008 | 810602m19831989ne a b 001 0 eng | ||
| 020 | _a0444418105 (set) | ||
| 040 | _aBD-DhSAU | ||
| 082 | 0 | 0 |
_a574.52642 _222 _bTRO |
| 245 | 0 | 0 |
_aTropical rain forest ecosystems : _cedited by H. Lieth and M. J. A. Werger _bBiogeographical and ecological studies / |
| 260 |
_aNew York : _bElsevier Scientific Pub. Co. , _c1989. |
||
| 300 |
_axvii, 713 p.: _bill. ; _c26 cm. |
||
| 440 | 0 |
_aEcosystems of the world ; _v14 |
|
| 500 | _aVol. B edited by: H. Lieth and M.J.A. Werger. | ||
| 500 | _aVol. B has imprint: Amsterdam ; New York : Elsevier ; New York, NY, U.S.A. : Distributors for the U.S. and Canada, Elsevier Science Pub. Co. | ||
| 504 | _aIncludes bibliographies and indexes. | ||
| 505 | 0 | _aA. Structure and function -- B. Biogeographical and ecological studies. | |
| 590 | _aIMRAN | ||
| 650 | 0 | _aRain forest ecology. | |
| 700 | 1 | _aLieth, Helmut. | |
| 700 | 1 | _aWerger, M. J. A. | |
| 942 |
_2ddc _cBOOK |
||
| 999 |
_c5870 _d5870 |
||